| 000 | 01260cam a2200349 a 4500 | ||
|---|---|---|---|
| 001 | 3069638 | ||
| 003 | OSt | ||
| 005 | 20260427085017.0 | ||
| 008 | 970401s1997 cau be 001 0 eng | ||
| 010 | _a 97008637 | ||
| 020 |
_a0874368391 _qalk. paper |
||
| 020 |
_a9780874368390 _q(alk. paper) |
||
| 035 | _a3069638 | ||
| 040 |
_aDLC _cDLC _dDLC |
||
| 050 | 0 | 0 |
_aHM136 _b.B783 1997 |
| 082 | 0 | 0 |
_a303.6/9/03 _221 |
| 100 | 1 | _aBurgess, Heidi. | |
| 245 | 1 | 0 |
_aEncyclopedia of conflict resolution / _cHeidi Burgess and Guy M. Burgess. |
| 260 |
_aSanta Barbara, Calif. : _bABC-CLIO, _cc1997. |
||
| 300 |
_ax, 356 p. ; _c26 cm. |
||
| 336 |
_atext _btxt _2rdacontent |
||
| 337 |
_aunmediated _bn _2rdamedia |
||
| 338 |
_avolume _bnc _2rdacarrier |
||
| 504 | _aIncludes bibliographical references (p. 327-341) and index. | ||
| 650 | 0 |
_aConflict management _xEncyclopedias. |
|
| 650 | 0 |
_aDispute resolution (Law) _xEncyclopedias. |
|
| 700 | 1 |
_aBurgess, Guy M., _d1949- |
|
| 906 |
_a7 _bcbc _corignew _d1 _eocip _f19 _gy-gencatlg |
||
| 942 |
_2lcc _cBK _n0 |
||
| 999 |
_c23715 _d23714 |
||